000
00274nam a2200097Ia 4500
001
1111905
005
20250827003920.0
008
250824s9999 xx 000 0 und d
245
0
_a
ŞEMAİLİ ŞERİF
_c
ABDULLAH AZMİ BİLGİN
260
_b
SEMERKAND BASIM YAYIN DAĞITIM A.Ş.
999
_c
1111905
_d
1111905